| 000 | 00579nam a2200229Ia 4500 | ||
|---|---|---|---|
| 003 | OSt | ||
| 005 | 20220918202142.0 | ||
| 006 | a|||||r|||| 00| 0 | ||
| 007 | ta | ||
| 008 | 220917b |||||||| |||| 00| 0 eng d | ||
| 024 | _a99,140 | ||
| 037 | _cTextual | ||
| 040 |
_aARTS _cARTS _beng |
||
| 041 |
_2eng _aeng |
||
| 082 | _aV2:25xM89z7, J8.4 | ||
| 100 | _aNehru Jawaharlal | ||
| 245 | 0 | _aSpeeches | |
| 260 |
_aN.D _bPub Diviskon _c1964 |
||
| 650 | _aHISTORY | ||
| 942 |
_hV2:25xM89z7, J8.4 _cTEXL _2CC |
||
| 999 |
_c222718 _d222718 |
||